000 00480nam a2200193Ia 4500
005 20231206091732.0
008 131103s9999 xx 000 0 und d
040 _aLoreto College
041 _aEnglish
082 _a420
_bPEI
100 _aPei,Mario
245 _aThe Story of English,
_cMario Pei
260 _aLondon
_bGeorge Allen and Unwin Ltd.
_c1953
300 _a381 p.
504 _aIncludes index
650 _aEnglish Language
850 _aLCLIB
942 _cBK
999 _c6965
_d57444